Business Organization and Management/ (Record no. 190947)

MARC details
000 -LEADER
fixed length control field 00585nam a22001817a 4500
005 - DATE AND TIME OF LATEST TRANSACTION
control field 20220816111612.0
010 ## - LCCN (DPL NO)
LC control number ENG-134376
020 ## - INTERNATIONAL STANDARD BOOK NUMBER
International Standard Book Number 9789388096041
Terms of availability 224.00
035 ## - SYSTEM CONTROL NUMBER
System control number EN-117908
037 ## - SOURCE OF ACQUISITION
Source of stock number/acquisition DBAD/PUB
082 ## - DEWEY DECIMAL CLASSIFICATION NUMBER
Classification number 658
100 ## - MAIN ENTRY--PERSONAL NAME
Personal name C Sambaiah
245 ## - TITLE STATEMENT
Title Business Organization and Management/
Statement of responsibility, etc C Sambaiah at all
260 ## - PUBLICATION, DISTRIBUTION, ETC. (IMPRINT)
Place of publication, distribution, etc Hyderabad
Date of publication, distribution, etc 2018
Name of publisher, distributor, etc Seven Hills International Publishers
270 ## - ADDRESS
Address #326/c, Level-4, Surneni Nilayam, Near B.K. Guda Park, S.R. Nagar
City Hyderanad
Postal code 500038
300 ## - PHYSICAL DESCRIPTION
Extent viii,288p.
Dimensions 22cm(pb)
942 ## - ADDED ENTRY ELEMENTS (KOHA)
Source of classification or shelving scheme Dewey Decimal Classification
Item type English Books
Classification part 658
Call number suffix SAM
Holdings
Withdrawn status Lost status Not for loan Collection code Home library Current library Date acquired Source of acquisition Cost, normal purchase price Full call number Barcode Copy number Cost, replacement price Koha item type
      Non-fiction Bawana Bawana 16/08/2022 DBAD/PUB 224.00 658 SAM EN-117908 1 224.00 English Books

© Delhi Public Library
Hit Counter
free hit counter